000 00430nam a2200181Ia 4500
001 23477
005 20260414150939.0
008 260414t2013||||xx |||||||||||||| ||spa||
041 _aESP
082 _a650.1
_bF83
100 _aFreire Rubio, María Teresa
_eAUT
245 0 _aCreaciones Caspiel, S.L.
_b
260 _c2013
300 _a31 páginas :
_c30 cm.
650 _aGEN
654 _aCCO
942 _cLIB
_dJUS
_fJUS
_2ddc
_n
999 _c23477
_d23477